| 000 | 00932nas a2200313 4500 | ||
|---|---|---|---|
| 001 | BR0504207 | ||
| 003 | BR-BrBNA | ||
| 005 | 20231205105549.0 | ||
| 007 | ta | ||
| 008 | 230509b bl.|||p| |||| 00| 00por d | ||
| 040 |
_aBR-BrBNA _bpor _cBiblioteca Nacional de Agricultura |
||
| 041 | _a(Pt) | ||
| 072 | _aF01; F04 | ||
| 100 | 1 | _aZárate, N.A.H. | |
| 100 | 1 | _aVieira, M. do C. | |
| 100 | 1 | _aRosa Júnior, E.J. | |
| 100 | 1 | _aAlves, J.C. | |
| 245 | 1 | _aPopulações de plantas e doses de nitrogênio na produção de rizomas de taro 'Macaquinho' | |
| 650 | _aCOLOCASIA ESCULENTA | ||
| 650 | _aINHAME | ||
| 650 | _aPLANTIO | ||
| 650 | _aADUBAÇÃO | ||
| 650 | _aPRODUÇÃO VEGETAL | ||
| 650 | _aRIZOMA | ||
| 650 | _aNITROGÊNIO | ||
| 773 | 0 |
_tCiência e Agrotecnologia (Brazil) _xISSN 1413-7054 _g(Sep-Oct 2004), v. 28(5) p. 1190-1195 _wBR0504207 |
|
| 909 |
_a202311 _bLúcia _c55 _dLúcia Elande |
||
| 942 |
_2AGRIS _n0 _cANA |
||
| 999 |
_c183568 _d183568 |
||